000 00660nam a2200217 a 4500
005 20200104041550.0
008 160108b xxu||||| |||| 00| 0 spa d
040 _aCO-BoIAVH
_cCO-BoIAVH
041 _aspa
044 _ack
090 _aEA
_b00004
100 1 _aZapata Duque, Julián
245 1 _aMi vivero escolar:
_bcafeteros siglo XXI nociones elementales.
260 _as.l.:
_bGobernación de Risaralda,
_bComite Departamental de Cafeteros de Risaralda,
_c[199?].
300 _a23 páginas.
650 1 _aEducación ambiental
650 1 _aAgroecología
650 1 _aViveros
942 _cFolleto
_2z
945 _d2005-05-16
999 _c4443
_d4443